La invasión de los céfids / (Registro nro. 9243)

Detalles MARC
000 -LIDER
fixed length control field 00933nam a22003137a 4500
001 - NÚMERO DE CONTROL
Identificador de número de control 240011
003 - IDENTIFICACDOR DE NÚMERO DE CONTROL
control field DO-SdBNP
005 - DATE AND TIME OF LATEST TRANSACTION
control field 20180131102229.0
007 - CAMPOS FIJOS DE DESCRIPCIÓN FÍSICA
fixed length control field 240011
008 - ELEMENTOS DE LONGITUD FIJA
fixed length control field 160315b 1993 sp xxu||||| |||| 00| 0 spa d
020 ## - ISBN
International Standard Book Number 8448020014
040 ## - FUENTE DE CATALOGACIÓN
Agencia que crea de manera original el registro BPMSU
Idioma de catalogación spa
Agencia que realiza la transcripción BPMSU
041 17 - CÓDIGOS DE OBRAS TRADUCIDAS O EN VARIOS IDIOMAS
Código del idioma del texto/archivo de sonido o separata spa
Cód. del idioma original y/o traducciones intermedias del texto eng
092 ## - LOCALLY ASSIGNED DEWEY DECIMAL CALL NUMBER
Número de clasificación xxxx
Número de ítem (Cutter) xxxx
100 1# - ASIENTO PRINCIPAL -- NOMBRE PERSONAL
Nombre personal Packard, Edward
240 10 - TITULO UNIFORME
Título uniforme Alien invaders.
Idioma de una obra Español
245 ## - MENCIÓN DE TITULO
Título La invasión de los céfids /
Mención de responsabilidad Edward Packard ; ilustraciones Dave Cockrum ; traducción Elena Moreno Gutiérrez.
300 ## - DESCRIPCIÓN FÍSICA
Extensión 110 p. :
Otros detalles físicos il. ;
Dimensiones 18 cm.
490 1# - MENCIÓN DE SERIES
Mención de serie Halcones del espacio
Volume/sequential designation 2
490 1# - MENCIÓN DE SERIES
Mención de serie Elige tu propia aventura
700 12 - ASIENTO SECUNDARIO -- NOMBRE PERSONAL
Nombre personal Cockrum, Dave,
Mención de responsabilidad il.
700 ## - ASIENTO SECUNDARIO -- NOMBRE PERSONAL
Nombre personal Moreno Gutiérrez, Elena,
Mención de responsabilidad tr.
830 #0 - ASIENTO SECUNDARIO DE SERIE--TÍTULO UNIFORME
Título uniforme Halcones del espacio ;
Número de la parte o sección de una obra 2
830 #0 - ASIENTO SECUNDARIO DE SERIE--TÍTULO UNIFORME
Título uniforme Elige tu propia aventura
910 ## - VALIDACIÓN
Validación 00260
942 ## - ADDED ENTRY ELEMENTS (KOHA)
Source of classification or shelving scheme Dewey Decimal Classification
Koha item type Libros
945 ## - INFORMACIÓN DE PROCESAMIENTO LOCAL
Información de procesamiento local Inventariado extraviado / 2018 VM
956 ## - LOCAL ELECTRONIC LOCATION AND ACCESS (OCLC)
Método de acceso LOPEREZ
Materiales especificados 10
Existencias
Withdrawn status Lost status Source of classification or shelving scheme Damaged status Not for loan Collection code Home library Current library Date acquired Source of acquisition Total Checkouts Barcode Date last seen Price effective from Koha item type
    Dewey Decimal Classification     Colección General Biblioteca Pública Metropolitana Salomé Ureña Biblioteca Pública Metropolitana Salomé Ureña 03/15/2016 Donado por FUNDI   BPMSU16030120 03/15/2016 03/15/2016 Libros